[Event "First Saturday-3rd Borloy A. Karoly GM M"]
[Site "Budapest"]
[Date "2012.07.15"]
[Round "8.2"]
[White "Arngrimsson, Dagur"]
[Black "Balazs, Gabor"]
[Result "1-0"]
[WhiteElo "2366"]
[BlackElo "2430"]
[PlyCount "89"]
[EventDate "2012.07.07"]

1. d4 d5 2. c4 e6 3. Nf3 Nf6 4. cxd5 exd5 5. Nc3 c6 6. Qc2 g6 7. Bg5 Be7 8. e4
dxe4 9. Bxf6 Bxf6 10. Qxe4+ Qe7 11. Bc4 Bf5 12. Qxe7+ Kxe7 13. O-O-O Rd8 14. h3
g5 15. Rhe1+ Kf8 16. Ne5 Bg6 17. d5 Re8 18. Nxg6+ hxg6 19. Rxe8+ Kxe8 20. Ne4
Be5 21. Re1 Kf8 22. Kb1 Nd7 23. dxc6 bxc6 24. Nxg5 Rb8 25. Re2 Rb4 26. b3 Bf6
27. a3 Rxc4 28. Nh7+ Kg7 29. Nxf6 Rd4 30. Nxd7 Rxd7 31. Kc2 Rd5 32. Kc3 Kf6 33.
Kc4 g5 34. b4 a5 35. a4 axb4 36. Kxb4 Rd4+ 37. Kb3 c5 38. Ra2 Ke5 39. a5 Rb4+
40. Kc3 Kd5 41. a6 Rc4+ 42. Kd2 Rd4+ 43. Kc1 Rc4+ 44. Kd1 Rd4+ 45. Rd2 1-0

[Event "First Saturday-3rd Borloy A. Karoly GM M"]
[Site "Budapest"]
[Date "2012.07.15"]
[Round "8.5"]
[White "Rodriguez Lopez, Rafael"]
[Black "Flumbort, Andras Dr"]
[Result "0-1"]
[WhiteElo "2244"]
[BlackElo "2503"]
[PlyCount "95"]
[EventDate "2012.07.07"]

1. e4 c6 2. d4 d5 3. e5 Bf5 4. c3 e6 5. Be3 Qb6 6. Qb3 Nd7 7. Nd2 f6 8. f4 g5
9. exf6 gxf4 10. Bxf4 Bh6 11. f7+ Kxf7 12. Bxh6 Nxh6 13. Ngf3 Rhg8 14. h3 Rg3
15. Kf2 Rag8 16. Qxb6 axb6 17. Rg1 Ke7 18. Be2 Nf6 19. Ne5 Be4 20. Ng4 Nf5 21.
Nf1 Rxg2+ 22. Rxg2 Bxg2 23. Kxg2 h5 24. Nfh2 hxg4 25. Nxg4 c5 26. dxc5 bxc5 27.
Rg1 c4 28. Kf2 Ne4+ 29. Ke1 Kd6 30. Rg2 Rh8 31. Rh2 b5 32. a3 e5 33. Nf2 Nc5
34. Bg4 Nh4 35. Nd1 Rf8 36. Kd2 d4 37. cxd4 exd4 38. Re2 Nb3+ 39. Ke1 Kd5 40.
Rf2 Re8+ 41. Re2 Rh8 42. Kf2 Nc5 43. Re7 Ng6 44. Rf7 Ne5 45. Rf5 Ncd3+ 46. Ke2
Ke4 47. Nf2+ Nxf2 48. Rxf2 0-1

[Event "First Saturday-3rd Borloy A. Karoly GM M"]
[Site "Budapest"]
[Date "2012.07.16"]
[Round "9.2"]
[White "Szabolcsi, Janos"]
[Black "Rodriguez Lopez, Rafael"]
[Result "0-1"]
[WhiteElo "2418"]
[BlackElo "2244"]
[PlyCount "64"]
[EventDate "2012.07.07"]

1. d4 Nf6 2. c4 g6 3. Nc3 d5 4. Bf4 Bg7 5. Rc1 Nh5 6. Bg5 h6 7. Bh4 dxc4 8. e3
Be6 9. Be2 Nf6 10. Nf3 c6 11. O-O b5 12. Ne5 Nd5 13. Ne4 Bxe5 14. dxe5 Nd7 15.
Qd4 Qb6 16. b3 Nf4 17. Bf3 Nd3 18. Rcd1 N3xe5 19. Be2 Qxd4 20. exd4 Nd3 21.
bxc4 bxc4 22. Nc3 Nb6 23. Rb1 Rd8 24. a4 Rxd4 25. Bg3 O-O 26. a5 Nd5 27. Na4 c3
28. Bxd3 Rxa4 29. Ra1 Rxa1 30. Rxa1 Bf5 31. Bc4 c2 32. a6 Rd8 0-1

[Event "First Saturday-3rd Borloy A. Karoly GM M"]
[Site "Budapest"]
[Date "2012.07.16"]
[Round "9.3"]
[White "Mihok, Oliver"]
[Black "Idani, Pouya"]
[Result "1-0"]
[WhiteElo "2443"]
[BlackElo "2473"]
[PlyCount "87"]
[EventDate "2012.07.07"]

1. e4 c5 2. Nf3 d6 3. d4 cxd4 4. Nxd4 Nf6 5. Nc3 a6 6. Be3 e5 7. Nb3 Be6 8. f3
h5 9. Qd2 Nbd7 10. O-O-O Qc7 11. Kb1 Be7 12. g3 Rc8 13. Nd5 Bxd5 14. exd5 Nb6
15. c4 O-O 16. Rc1 Nfd7 17. h3 Na4 18. g4 h4 19. Bd3 g6 20. Rhg1 Bf6 21. g5 Bg7
22. Be4 Nac5 23. Nxc5 Nxc5 24. Qe1 Qb8 25. Qxh4 b5 26. cxb5 Qxb5 27. Bxc5 Rxc5
28. Rxc5 Qxc5 29. Rc1 Qe3 30. Qg4 Qd2 31. a3 a5 32. h4 Qf4 33. h5 Qxg4 34. fxg4
gxh5 35. gxh5 f5 36. gxf6 Rxf6 37. Rc8+ Bf8 38. Ra8 Rf4 39. Bg6 a4 40. h6 Rh4
41. h7+ Kg7 42. Bc2 Rh1+ 43. Ka2 Rh2 44. Be4 1-0

[Event "First Saturday-3rd Borloy A. Karoly GM M"]
[Site "Budapest"]
[Date "2012.07.16"]
[Round "9.4"]
[White "Balazs, Gabor"]
[Black "Farago, Ivan"]
[Result "1/2-1/2"]
[WhiteElo "2430"]
[BlackElo "2489"]
[PlyCount "36"]
[EventDate "2012.07.07"]

1. d4 Nf6 2. c4 e6 3. Nc3 Bb4 4. Qc2 O-O 5. a3 Bxc3+ 6. Qxc3 b6 7. Bg5 Bb7 8.
f3 h6 9. Bh4 d5 10. e3 Re8 11. Nh3 Nbd7 12. Bd3 c5 13. cxd5 cxd4 14. Qxd4 e5
15. Qb4 Nxd5 16. Bxd8 Nxb4 17. axb4 Rexd8 18. Nf2 a5 1/2-1/2

[Event "First Saturday-3rd Borloy A. Karoly GM M"]
[Site "Budapest"]
[Date "2012.07.16"]
[Round "9.5"]
[White "Toth, Ervin"]
[Black "Arngrimsson, Dagur"]
[Result "0-1"]
[WhiteElo "2477"]
[BlackElo "2366"]
[PlyCount "96"]
[EventDate "2012.07.07"]

1. d4 d5 2. c4 c6 3. Nc3 Nf6 4. Nf3 dxc4 5. a4 Bf5 6. Ne5 Nbd7 7. Nxc4 Nb6 8.
Ne5 a5 9. f3 Nfd7 10. Nxd7 Nxd7 11. e4 Bg6 12. Be2 e6 13. O-O Bb4 14. Be3 O-O
15. Qb3 Qc7 16. Rac1 Rfe8 17. g3 Rad8 18. Rfd1 Kh8 19. Na2 Bf8 20. Bf2 f5 21.
e5 Nb6 22. f4 Nd5 23. Bf3 Bf7 24. Nc3 Nb4 25. Kg2 Rd7 26. h3 Qd8 27. Ne2 Nd5
28. g4 Bb4 29. Kg3 Rg8 30. Bxd5 Rxd5 31. Nc3 Rd7 32. gxf5 Qe8 33. Re1 Re7 34.
f6 gxf6+ 35. Kh2 fxe5 36. fxe5 Bg6 37. Bh4 Rf7 38. Ne4 Bxe1 39. Bf6+ Rxf6 40.
Nxf6 Bd2 41. Rf1 Qf7 42. Qd1 Bh6 43. Nxg8 Qxg8 44. Qe1 Bf5 45. Qf2 Qg5 46. Qf3
Qd2+ 47. Rf2 Qxd4 48. Qg3 Be3 0-1